50 Flicks to Click (1969) Quiz Stats

 Plays Quiz Updated May 3, 2019

Score 0/50 Timer 07:00
6 Plays Today
% Correct
Sundance
93.2%
Money
90.6%
Service
90.2%
Dolly
89.2%
Italian
89%
Water
88.9%
Shoot
88.8%
Midnight
88.4%
Brown
87.4%
Magnificent
86.6%
Paint
85.8%
Easy
85.2%
Grit
83.2%
Chips
82.6%
Support
80.9%
Bunch
80.5%
Racer
77.5%
Jean
77.1%
Battle
75.9%
Carol
75.5%
Destroyed
75.1%
Restaurant
72%
Habit
71.9%
Mountain
71.1%
Tuesday
69.8%
% Correct
Thousand
67.7%
Cactus
66.6%
Consent
64.6%
April
64.2%
Charity
63.5%
Love
61.7%
Alice
61.4%
Rifles
61%
Mary
59.8%
Bridge
57.6%
Man
53.5%
Boy
53.1%
Computer
52.9%
Last
52.5%
Carry
52%
Columbus
50.9%
Cuckoo
43.3%
Girls
42.7%
Red
41.2%
Whiskey
39.1%
God
37.6%
Ring
31.8%
Secret
31.4%
Magic
26.2%
Mercy
20.3%

You're not logged in!

Compare scores with friends on all Sporcle quizzes.
OR
Log In

Show Comments

Extras

Top Quizzes Today


Score Distribution

Your Account Isn't Verified!

In order to create a playlist on Sporcle, you need to verify the email address you used during registration. Go to your Sporcle Settings to finish the process.

Report this User

Report this user for behavior that violates our Community Guidelines.

Details: